<?xml version="1.0" encoding="UTF-8"?>
<record
    xmlns:xsi="http://www.w3.org/2001/XMLSchema-instance"
    xsi:schemaLocation="http://www.loc.gov/MARC21/slim http://www.loc.gov/standards/marcxml/schema/MARC21slim.xsd"
    xmlns="http://www.loc.gov/MARC21/slim">

  <leader>01209nam a2200265 i 4500</leader>
  <controlfield tag="001">34766</controlfield>
  <controlfield tag="003">ES-MaACL</controlfield>
  <controlfield tag="005">20250818174206.0</controlfield>
  <controlfield tag="007">t|</controlfield>
  <controlfield tag="008">030211s1962    sp           ||||1| spa d</controlfield>
  <datafield tag="100" ind1="1" ind2=" ">
    <subfield code="a">Bonn&#xED;n Aguil&#xF3;, Francisco.</subfield>
    <subfield code="9">152446</subfield>
  </datafield>
  <datafield tag="245" ind1="1" ind2="0">
    <subfield code="a">Mateo Rotger y Capllonch / </subfield>
    <subfield code="c">[por Francisco Bonn&#xED;n Aguil&#xF3; y Miguel Bota Totx&#xF3;], Juan Guiraud y Rotger [por Bernardo Cifre Forteza], Lorenzo Cerd&#xE1; y Bisbal [por Jos&#xE9; Vidal Isern], ilustres hijos de Pollensa.</subfield>
  </datafield>
  <datafield tag="260" ind1=" " ind2=" ">
    <subfield code="a">Palma de Mallorca : </subfield>
    <subfield code="b">Caja de Ahorros y Monte de Piedad de Baleares : </subfield>
    <subfield code="b">Alfa, </subfield>
    <subfield code="c">1962.</subfield>
  </datafield>
  <datafield tag="300" ind1=" " ind2=" ">
    <subfield code="a">41 p., 3 l&#xE1;m. ; </subfield>
    <subfield code="c">22 cm.</subfield>
  </datafield>
  <datafield tag="505" ind1="8" ind2=" ">
    <subfield code="a">Contiene: Guiraud y Rotger, poeta pollens&#xED;n / por Bernardo Cifre Forteza - Lorenzo Cerd&#xE1; y Bisbal, pintor de Pollensa / por Jos&#xE9; Vidal Isern</subfield>
  </datafield>
  <datafield tag="600" ind1="1" ind2="4">
    <subfield code="a">Rotger Capllonch, Mateo.</subfield>
    <subfield code="9">152447</subfield>
  </datafield>
  <datafield tag="600" ind1="1" ind2="4">
    <subfield code="a">Guiraud y Rotger, Juan.</subfield>
    <subfield code="9">152448</subfield>
  </datafield>
  <datafield tag="600" ind1="1" ind2="4">
    <subfield code="a">Serda y Bisbal, Lorenzo.</subfield>
    <subfield code="9">152449</subfield>
  </datafield>
  <datafield tag="700" ind1="1" ind2=" ">
    <subfield code="a">Vidal Isern, Jos&#xE9;.</subfield>
    <subfield code="9">114494</subfield>
  </datafield>
  <datafield tag="700" ind1="1" ind2=" ">
    <subfield code="a">Bota Totxo, Miquel, </subfield>
    <subfield code="d">1920-2005</subfield>
    <subfield code="9">152450</subfield>
  </datafield>
  <datafield tag="700" ind1="1" ind2=" ">
    <subfield code="a">Cifre, Bernat (</subfield>
    <subfield code="d">1935-)</subfield>
    <subfield code="9">152451</subfield>
  </datafield>
  <datafield tag="710" ind1="2" ind2=" ">
    <subfield code="a">Caja de Ahorros y Monte de Piedad de las Baleares.</subfield>
    <subfield code="9">2318</subfield>
  </datafield>
  <datafield tag="852" ind1=" " ind2=" ">
    <subfield code="a">ES-MaACL</subfield>
    <subfield code="j">2029-F-21</subfield>
  </datafield>
  <datafield tag="999" ind1=" " ind2=" ">
    <subfield code="c">34766</subfield>
    <subfield code="d">34766</subfield>
  </datafield>
  <datafield tag="952" ind1=" " ind2=" ">
    <subfield code="0">0</subfield>
    <subfield code="1">0</subfield>
    <subfield code="4">0</subfield>
    <subfield code="7">0</subfield>
    <subfield code="8">Colecci&#xF3;n_de_folletos</subfield>
    <subfield code="a">ATENEOM</subfield>
    <subfield code="b">ATENEOM</subfield>
    <subfield code="c">DEPOF</subfield>
    <subfield code="d">2008-01-17</subfield>
    <subfield code="e">SC</subfield>
    <subfield code="l">0</subfield>
    <subfield code="o">2029-F-21</subfield>
    <subfield code="p">1036284</subfield>
    <subfield code="r">2023-02-23 00:00:00</subfield>
    <subfield code="w">2023-02-23</subfield>
    <subfield code="y">FOLLETOS</subfield>
  </datafield>
</record>
